| 000 | 00850nam a2200265 i 4500 | ||
|---|---|---|---|
| 001 | bg | ||
| 100 | 1 |
_aWIT, Romuald _d(1939- ) |
|
| 245 | 1 | 0 |
_aMetody Monte Carlo : _bwykłady / _cRomuald Wit ; Politechnika Częstochowska. |
| 260 |
_aCzęstochowa : _bWydaw. PC, _c2004. |
||
| 300 |
_a130 s. : _brys., wykr. ; _c24 cm. |
||
| 490 | 1 |
_aSkrypty Politechniki Częstochowskiej, _x1234-9909 ; _v49 |
|
| 504 | _aBibliogr. przy rozdz. | ||
| 521 | _aDla studentów kierunków technicznych i fizycznych. | ||
| 650 | 9 | _aMetoda Monte Carlo | |
| 655 | _aPodręczniki akademickie | ||
| 830 |
_aSkrypty Politechniki Częstochowskiej, _x1234-9909 ; |
||
| 015 | _aPB 4033/2005 | ||
| 020 | _a8371932650 | ||
| 040 | _cBPK | ||
| 041 | 0 | _apol | |
| 080 | _a519.2(075.8) | ||
| 920 | _a83-7193-265-0 | ||
| 942 | _cKS | ||
| 008 | s pl f |000 0 pol | ||
| 999 |
_c46890 _d46890 |
||
| 856 |
_uhttp://koha.tu.koszalin.pl/cgi-bin/koha/opac-detail.pl?biblionumber=46890 _yKatalog online BPK |
||